Spacecraft dynamics and control : (Record no. 594096)
[ view plain ]
| 000 -LEADER | |
|---|---|
| fixed length control field | 01182cam a2200289 a 4500 |
| 001 - CONTROL NUMBER | |
| control field | 2579485 |
| 005 - DATE AND TIME OF LATEST TRANSACTION | |
| control field | 20230322144943.0 |
| 008 - FIXED-LENGTH DATA ELEMENTS--GENERAL INFORMATION | |
| fixed length control field | 960430s1997 enka b 001 0 eng |
| 010 ## - LIBRARY OF CONGRESS CONTROL NUMBER | |
| LC control number | 96022511 |
| 020 ## - INTERNATIONAL STANDARD BOOK NUMBER | |
| International Standard Book Number | 0521550726 (hardback) |
| 040 ## - CATALOGING SOURCE | |
| Original cataloging agency | DLC |
| Transcribing agency | DLC |
| Modifying agency | DLC |
| 050 00 - LIBRARY OF CONGRESS CALL NUMBER | |
| Classification number | TL1050 |
| Item number | .S46 1997 |
| 082 00 - DEWEY DECIMAL CLASSIFICATION NUMBER | |
| Classification number | 629.41 |
| Edition number | 20 |
| Author Mark | SID |
| 100 1# - MAIN ENTRY--PERSONAL NAME | |
| Personal name | Sidi, Marcel J. |
| 9 (RLIN) | 111114 |
| 245 10 - TITLE STATEMENT | |
| Title | Spacecraft dynamics and control : |
| Remainder of title | a practical engineering approach / |
| Statement of responsibility, etc. | Marcel J. Sidi. |
| 260 ## - PUBLICATION, DISTRIBUTION, ETC. | |
| Place of publication, distribution, etc. | Cambridge ; |
| -- | New York : |
| Name of publisher, distributor, etc. | Cambridge University Press, |
| Date of publication, distribution, etc. | 1997. |
| 300 ## - PHYSICAL DESCRIPTION | |
| Extent | xvii, 409 p. : |
| Other physical details | ill. ; |
| Dimensions | 26 cm. |
| 440 #0 - SERIES STATEMENT/ADDED ENTRY--TITLE | |
| Title | Cambridge aerospace series ; |
| Volume/sequential designation | 7 |
| 9 (RLIN) | 1803 |
| 504 ## - BIBLIOGRAPHY, ETC. NOTE | |
| Bibliography, etc. note | Includes bibliographical references and index. |
| 650 #0 - SUBJECT ADDED ENTRY--TOPICAL TERM | |
| Topical term or geographic name entry element | Space vehicles |
| General subdivision | Dynamics. |
| 9 (RLIN) | 2485 |
| 650 #0 - SUBJECT ADDED ENTRY--TOPICAL TERM | |
| Topical term or geographic name entry element | Space vehicles |
| General subdivision | Control systems. |
| 9 (RLIN) | 110551 |
| 856 42 - ELECTRONIC LOCATION AND ACCESS | |
| Materials specified | Publisher description |
| Uniform Resource Identifier | <a href="http://www.loc.gov/catdir/description/cam027/96022511.html">http://www.loc.gov/catdir/description/cam027/96022511.html</a> |
| 856 41 - ELECTRONIC LOCATION AND ACCESS | |
| Materials specified | Table of contents |
| Uniform Resource Identifier | <a href="http://www.loc.gov/catdir/toc/cam025/96022511.html">http://www.loc.gov/catdir/toc/cam025/96022511.html</a> |
| 906 ## - LOCAL DATA ELEMENT F, LDF (RLIN) | |
| a | 7 |
| b | cbc |
| c | orignew |
| d | 1 |
| e | ocip |
| f | 19 |
| g | y-gencatlg |
| 942 ## - ADDED ENTRY ELEMENTS (KOHA) | |
| Source of classification or shelving scheme | |
| Koha item type | Book |
| Withdrawn status | Lost status | Source of classification or shelving scheme | Damaged status | Not for loan | Permanent Location | Current Location | Shelving location | Date acquired | Total Checkouts | Full call number | Barcode | Date last seen | Price effective from | Koha item type |
|---|---|---|---|---|---|---|---|---|---|---|---|---|---|---|
| School of Mechanical & Manufacturing Engineering (SMME) | School of Mechanical & Manufacturing Engineering (SMME) | General Stacks | 03/22/2023 | 629.41 SID | SMME-4108 | 03/22/2023 | 03/22/2023 | Book |
